000 00719nam a2200193Ia 4500
003 GCL
008 140319s9999 xx 000 0 ara d
040 _aGCL /
_cGCL
082 0 4 _a890
_bن ت
100 1 _aنخبة من الاساتذة المتخصصين
245 1 0 _aتاريخ الادب الغربى /
_cنخبة من الاساتذة المتخصصين
250 _aالاولى
260 _aسوريا :
_bطلاس للدراسات والترجمة والنشر ،
_c1984
300 _a2 مج ؛
_c24 سم
650 0 4 _aالادب الغربى - تاريخ
650 0 4 _aالادب المترجم - العصر القديم
650 0 4 _aالادب المترجم - عصر النهضة
942 _2ddc
_cBK
999 _c7951
_d7951